| 000 | 00513nam a2200229Ia 4500 | ||
|---|---|---|---|
| 008 | 210210b1989 xxu||||| |||| 00| 0 eng d | ||
| 020 | _a817043114X | ||
| 082 | _a581.1 KOCP | ||
| 100 | _aKRISHNAMOORTHY (H N) | ||
| 245 | _aTextbook of plant physiology Ed 17 | ||
| 250 | _a | ||
| 260 |
_aDelhi _bAtma Ram & Sons _c1989 |
||
| 300 | _aviii,583 | ||
| 650 | _aTextbook | ||
| 650 | _aplant | ||
| 650 | _aphysiology | ||
| 650 | _aof | ||
| 650 | _aEd | ||
| 650 | _a17 | ||
| 690 | _aBotany | ||
| 906 | _a043079 | ||
| 999 |
_c92569 _d92569 |
||